000 00424nam a2200157Ia 4500
003 LK-CoDNM
008 010623t xxu||||| |||| 00| 1 eng d
040 _aLK-CoDNM
_dLK-CoDNM
_eLK-CoDNM
041 _aeng
080 _a301 SOC
245 _aA Tamil Heroine Unmourned The Socilogy Of Obfuscation
260 _bUniversity Teachers For Human Rigghts(Jaffna)
300 _b92p.;18 cm cm
650 _asociology
942 _cBK
999 _c133509
_d133509